MARC

LEADER 00000nam0a2200000 4500
001 311781
005 20231102002423.0
035 |a (RuTPU)RU\TPU\book\337146 
090 |a 311781 
100 |a 20151211d1982 km y0rusy50 ca 
101 0 |a rus 
102 |a RU 
105 |a a z 001zy 
200 1 |a Лазерная и когерентная спектроскопия  |e пер. с англ.  |f под ред. Дж. Стейнфелда 
210 |a Москва  |c Мир  |d 1982 
215 |a 629 с.  |c ил. 
320 |a Библиогр. в конце гл. 
320 |a Предм. указ.: с. 621-625 
606 1 |a Спектроскопия лазерная  |2 stltpush  |3 (RuTPU)RU\TPU\subj\55802  |9 73763 
610 1 |a когерентная спектроскопия 
610 1 |a микроволновая спектроскопия 
610 1 |a Фурье-преобразования 
610 1 |a инфракрасная спектроскопия 
610 1 |a электронно-возбужденные состояния 
610 1 |a резонансное рассеяние 
675 |a 535.33:621.373.826  |v 4 
702 1 |a Стейнфелд  |b Дж.  |4 340 
801 1 |a RU  |b 63413507  |c 20151211 
801 2 |a RU  |b 63413507  |c 20190926  |g RCR 
942 |c BK